000 01136aam a2200397a 44500
008 070614s1990 cat
041 _acat
041 _beng
041 _bfre
041 _bspa
080 _a801:37(038)
100 _aMurillo, J.
_972745
245 _aGlossari de termes metodològics i de lingüística aplicada en el camp de l'ensenyament de les llengües estrangeres
245 _cJ. Murillo [et al.]
260 _a[Bellaterra]
260 _bUniversitat Autònoma de Barcelona. Institut de Ciències de l'Educació
260 _c1990
300 _a308 p.
_c30 cm
500 _aCategoria gramatical, termes relacionats
500 _aExemplar relligat. Projecte aturat
500 _aÍndex
500 _btermcat
520 _a576
546 _acatalà
591 _a9546
592 _aObra terminològica
593 _aSQ
594 _a9546
650 _aensenyament de llengües
_960989
650 _aensenyament de segones llengües
_970179
901 _c[<1990>]
902 _a070614
942 _cMO
_n0
999 _c64427
_d64427